Normal view MARC view
  • Sánchez Triana, Ernesto.

Entry Corporate Name

Number of records used in: 1

001 - CONTROL NUMBER

  • control field: 26341

003 - CONTROL NUMBER IDENTIFIER

  • control field: NUST

005 - DATE AND TIME OF LATEST TRANSACTION

  • control field: 20191202162844.0

008 - FIXED-LENGTH DATA ELEMENTS

  • fixed length control field: 191202|| aca||aabn | a|a d

040 ## - CATALOGING SOURCE

  • Original cataloging agency: NUST
  • Transcribing agency: NUST

110 ## - HEADING--CORPORATE NAME

  • Corporate name or jurisdiction name as entry element: Sánchez Triana, Ernesto.

670 ## - SOURCE DATA FOUND

  • Source citation: Work cat.: (NUST): Khan,Asif Shuja 26336, Cleaning Pakistan's air :
© 2023 Central Library, National University of Sciences and Technology. All Rights Reserved.